Color atlas of veterinary histology

محفوظ في:
التفاصيل البيبلوغرافية
المؤلف الرئيسي: William J Bacha
التنسيق: كتاب
اللغة:Undetermined
منشور في: Philadelphia, PE. Lippincott Williams & Wilkins 2000
الموضوعات:
الوسوم: إضافة وسم
لا توجد وسوم, كن أول من يضع وسما على هذه التسجيلة!
Thư viện lưu trữ: Trung tâm Học liệu Trường Đại học Cần Thơ
LEADER 00554nam a2200193Ia 4500
001 CTU_54874
008 210402s9999 xx 000 0 und d
020 |b 759000 
082 |a 636.089'1018 
082 |b B118 
100 |a William J Bacha 
245 0 |a Color atlas of veterinary histology 
245 0 |c William J Bacha and Linda M. Bacha 
260 |a Philadelphia, PE. 
260 |b Lippincott Williams & Wilkins 
260 |c 2000 
650 |a veterinary histology 
650 |x atlases 
980 |a Trung tâm Học liệu Trường Đại học Cần Thơ